[Event "SVK-chT3A2 1213"]
[Site "Slovakia"]
[Date "2013.03.24"]
[Round "11.6"]
[White "Majtan, Martin"]
[Black "Vepy, Ivan"]
[Result "1/2-1/2"]
[WhiteElo "1856"]
[BlackElo "1921"]
[PlyCount "88"]
[EventDate "2012.10.07"]
[EventType "team-tourn"]
[EventRounds "11"]
[EventCountry "SVK"]
[SourceTitle "EXT 2015"]
[Source "ChessBase"]
[SourceDate "2014.11.20"]
[SourceVersion "1"]
[SourceVersionDate "2014.11.20"]
[SourceQuality "1"]
[WhiteTeam "Hlohovec SK Zentiva"]
[BlackTeam "Skalica"]
[WhiteTeamCountry "SVK"]
[BlackTeamCountry "SVK"]

1. e4 e5 2. Nf3 Nc6 3. Bb5 a6 4. Ba4 Nf6 5. 0-0 Be7 6. Re1 b5 7. Bb3 d6 8. h3 0-0 9. c3 Bb7 10. d4 exd4 11. cxd4 Rc8 12. e5 dxe5 13. dxe5 Qxd1 14. Rxd1 Ne4 15. e6 Nc5 16. exf7+ Kh8 17. Bc2 Nb4 18. Bf5 Rcd8 19. Rxd8 Rxd8 20. Nc3 g6 21. Bf4 Kg7 22. Re1 Bf6 23. Bxc7 Rf8 24. Be4 Nxe4 25. Nxe4 Nc2 26. Re2 Bxe4 27. Rxe4 Kxf7 28. b3 Rc8 29. Bf4 Re8 30. Rxe8 Kxe8 31. Ne5 Nd4 32. Kf1 Ke7 33. Ng4 Bg7 34. Be5 Bxe5 35. Nxe5 Ke6 36. Nd3 a5 37. Ke1 Kd5 38. Kd2 Ne6 39. Ke3 Nd4 40. Nf4+ Ke5 41. Nd3+ Kd5 42. g4 Nc2+ 43. Kd2 Nd4 44. Ke3 Nc2+ 1/2-1/2

[Event "SVK-chT3A2 0809"]
[Site "Slovakia"]
[Date "2008.10.19"]
[Round "1.8"]
[White "Kubik, Peter"]
[Black "Majtan, Martin"]
[Result "1-0"]
[WhiteElo "1491"]
[BlackElo "1572"]
[PlyCount "75"]
[EventDate "2008.10.19"]
[EventType "team-tourn"]
[EventRounds "11"]
[EventCountry "SVK"]
[SourceTitle "EXT 2010"]
[Source "ChessBase"]
[SourceDate "2010.11.25"]
[SourceVersion "1"]
[SourceVersionDate "2010.11.25"]
[SourceQuality "1"]
[WhiteTeam "Skalica"]
[BlackTeam "Hlohovec SK Zentiva III"]
[WhiteTeamCountry "SVK"]
[BlackTeamCountry "SVK"]

1. e4 e6 2. d4 d5 3. e5 c5 4. Nf3 Nc6 5. Bb5 Qb6 6. Nc3 Bd7 7. Be3 Rc8 8. Rb1 a6 9. Be2 f6 10. exf6 Nxf6 11. 0-0 c4 12. Ne5 Bd6 13. Bh5+ Ke7 14. Nf7 Rhf8 15. Nxd6 Kxd6 16. Na4 Qa7 17. c3 Nd8 18. Bf3 Nf7 19. Nc5 Ke7 20. b3 b6 21. Nxd7 Kxd7 22. Qd2 Nd6 23. Bg5 Nfe4 24. Bxe4 Nxe4 25. Qe3 Qc7 26. Bh4 cxb3 27. Rxb3 Nxc3 28. Re1 Rfe8 29. Bg3 Qc4 30. Rxb6 Ne2+ 31. Rxe2 Rc6 32. Rb7+ Kc8 33. Rxg7 e5 34. h3 e4 35. Qg5 Rce6 36. Re1 Qxa2 37. Rc7+ Kb8 38. Rc2+ 1-0

[Event "SVK-ch U10"]
[Site "Liptovsky Mikulas"]
[Date "2007.04.24"]
[Round "4"]
[White "Majtan, Martin"]
[Black "Hlavina, Lubos"]
[Result "1-0"]
[WhiteElo "1350"]
[BlackElo "1372"]
[PlyCount "47"]
[EventDate "2007.04.22"]
[EventType "swiss"]
[EventRounds "9"]
[EventCountry "SVK"]
[SourceTitle "EXT 2008"]
[Source "ChessBase"]
[SourceDate "2007.11.25"]
[SourceVersion "1"]
[SourceVersionDate "2007.11.25"]
[SourceQuality "1"]

1. e4 e5 2. Nf3 Nc6 3. Bc4 Nf6 4. Nc3 Bc5 5. d3 d6 6. h3 h6 7. Be3 Bxe3 8. fxe3 0-0 9. 0-0 Be6 10. Bb3 d5 11. exd5 Nxd5 12. Nxd5 Bxd5 13. Bxd5 Qxd5 14. Nh4 Qc5 15. Qe2 Qb4 16. Nf5 Qxb2 17. Qg4 e4 18. d4 g6 19. Nxh6+ Kh7 20. Nxf7 Kg7 21. Qe6 Rae8 22. Qf6+ Kh7 23. Qh4+ Kg7 24. Qh6+ 1-0